Welcome to the Holygrace Academy Library

Please use search bar below to get started

POOVALANANNAN (Record no. 6948)

MARC details
000 -LEADER
fixed length control field 00256nam a22001217a 4500
082 ## - DEWEY DECIMAL CLASSIFICATION NUMBER
Classification number 823
Item number SAR/P
100 ## - MAIN ENTRY--AUTHOR NAME
Personal name SARADHA P.G
245 ## - TITLE STATEMENT
Title POOVALANANNAN
260 ## - PUBLICATION, DISTRIBUTION, ETC. (IMPRINT)
Place of publication ALAPPUZHA
Name of publisher SURYA PUBLICATIONS
Year of publication 2008
300 ## - PHYSICAL DESCRIPTION
Number of Pages 48
520 ## - SUMMARY, ETC.
Summary, etc SHORT STORY
942 ## - ADDED ENTRY ELEMENTS (KOHA)
Koha item type Books
Holdings
Withdrawn status Lost status Collection code Home library Current library Shelving location Date acquired Source of acquisition Cost, normal purchase price Full call number Accession Number Koha item type
    Fiction Main Library Main Library NEW SHELF WITH NEW ENTRY 05/10/2023 Purchase 25.00 823 SAR/P 12954 Books